| 000 | 00484nam a2200145Ia 4500 | ||
|---|---|---|---|
| 001 | 140683 | ||
| 003 | 232953 | ||
| 005 | 20231018145139.0 | ||
| 008 | ||||||n9999 ||| || || | ||
| 100 | 1 |
_aTrujillo Echeverry, Santiago _954838 |
|
| 245 | 0 | _aDiagnostico deficiencia en suministro de agua potable en las veredas el Hatillo y Quebrada Honda municipio de Sogamoso | |
| 562 | _e1 | ||
| 650 |
_aAGUA POTABLE--MUNICIPIO DE SOGAMOSO (BOYACĂ, COLOMBIA) _9172287 |
||
| 942 | _cTESIS | ||
| 999 |
_c140683 _d140683 |
||